Athletic Weights and Metrics Quiz - Statistics

General Stats
  • This quiz has been taken 18 times
  • The average score is 13 of 15
Answer Stats
Question Answer % Correct
(Kgs) Weight of a standard barbell plate: 20
94%
(Meters) Olympic Pool "Short Course" length: 25
94%
(Lbs) Weight of a standard barbell plate: 45
94%
(Lbs) Weight of a standard barbell: 45
94%
1 Mile is equivalent to_____kilometers. 1.6
88%
1 Kilogram is equivalent to_____lbs. 2.2
88%
The length of a marathon in miles: 26.2
88%
(KMs) Triathlon bike distance: 40
88%
(Meters) One lap around a standard outdoor track: 400
88%
(KMs) Triathlon running distance: 10
82%
A 5K is equivalent to_____miles. 3.1
82%
(Meters) Olympic Pool "Long Course" length: 50
82%
(Grams)Weight an Olympic baton cannot weigh under: 50
82%
(KMs) Triathlon swimming distance: 1.5
76%
(Meters) Standard Long Jump sand pit length: 9
76%
No matching quizzes found
Score Distribution
Percent of People with Each Score
Percentile by Number Answered
Your Score History
You have not taken this quiz